| 000 | 00859nam a22002295a 4500 | ||
|---|---|---|---|
| 003 | OSt | ||
| 005 | 20170312145955.0 | ||
| 008 | 160922s2007 ua frb 000 0 ara d | ||
| 040 |
_aEG-ScBUE _bara _cEG-ScBUE _dEG-ScBUE |
||
| 043 | _af-ua--- | ||
| 082 | 0 | 4 |
_a346.6207 _bف ق ي _222 |
| 100 | 1 | _aفقي، عاطف محمد. | |
| 245 | 1 | 2 |
_aالشركات التجارية في القانون المصري / _cعاطف محمد الفقي. |
| 260 |
_aالقاهرة : _bدار النهضه العربية، _c2007. |
||
| 300 |
_a503 ص. ؛ _c24 سم. |
||
| 504 | _aيشتمل على إرجاعات ببليوجرافية. | ||
| 650 | 0 |
_2BUEsh _aالقانون التجاري _zمصر. _941150 |
|
| 650 | 7 |
_2BUEsh _aالشركات التجارية _xقوانين وتشريعات _zمصر. _941149 |
|
| 651 | _2BUEsh | ||
| 653 |
_bLLAAWW _cMarch2017 |
||
| 942 | _2ddc | ||
| 999 |
_c24398 _d24370 |
||